En torno al derecho internacional de los derechos humanos /
sin resumen
Wedi'i Gadw mewn:
| Prif Awdur: | |
|---|---|
| Fformat: | Llyfr |
| Iaith: | Spanish |
| Pynciau: | |
| Tagiau: |
Ychwanegu Tag
Dim Tagiau, Byddwch y cyntaf i dagio'r cofnod hwn!
|
MARC
| LEADER | 00000nam a22000007a 4500 | ||
|---|---|---|---|
| 003 | cru CRAI/IIS | ||
| 005 | 20210203161914.0 | ||
| 008 | 210203s1989 cr |||p|r||||||0| ||spa|d | ||
| 999 | |c 43584 |d 43584 | ||
| 040 | |c cru CRAI/IIS | ||
| 100 | 1 | |9 7869 |a Zovatto Garetto, Daniel | |
| 245 | 1 | |a En torno al derecho internacional de los derechos humanos / |c Daniel Zovatto Garetto | |
| 300 | |a páginas 67-96 | ||
| 520 | |a sin resumen | ||
| 650 | 0 | |9 38 |a DERECHOS HUMANOS | |
| 650 | 0 | |9 3841 |a DERECHOS CIVILES | |
| 942 | |2 ddc |c PP | ||
| 773 | 0 | |0 41718 |9 5146 |a Universidad de Costa Rica. |d San José, Costa Rica: Universidad de Costa Rica.Facultad de Derecho; Colegio de Abogados, |o MFN: 1578 |t Revista de Ciencias Jurídicas / | |
